| 000 | 00815nam a2200265Ia 4500 | ||
|---|---|---|---|
| 003 | OSt | ||
| 005 | 20220926030253.0 | ||
| 006 | a|||||r|||| 00| 0 | ||
| 007 | ta | ||
| 008 | 220923b |||||||| |||| 00| 0 eng d | ||
| 020 |
_a9780813344256 _c1875.98 |
||
| 037 |
_b34295, 14/03/2012, Segment Book Distrobutors _cGeneral Book |
||
| 040 |
_aRTL _cRTL _beng |
||
| 041 |
_2eng _aeng |
||
| 082 | _aY33, Q1 | ||
| 100 |
_aGottdiener Mark _9333943 |
||
| 245 | 0 | _aNew urban sociology | |
| 250 | _a4 | ||
| 260 |
_aPhiladelphia _bWestview Press _c2011 |
||
| 300 |
_axvi, 435p _ccm. |
||
| 500 | _aBibliography: P 397-423 | ||
| 700 |
_a Hutchison Ray _9333944 |
||
| 942 |
_hY33, Q1 _cGB _2CC |
||
| 999 |
_c649147 _d649147 |
||